| 000 | 01087pam a2200301 a 4500 | ||
|---|---|---|---|
| 001 | 4277290 | ||
| 003 | OSt | ||
| 005 | 20240618112431.0 | ||
| 008 | 850401s1985 enka b 001 0 eng | ||
| 010 | _a 85007803 | ||
| 020 | _a0521267404 | ||
| 040 |
_aMUST LIB _cMUST _dMUST |
||
| 050 | 0 | 0 |
_aTA357 _b.C73 1985 |
| 082 | 0 | 0 |
_a532 _219 _bCRA |
| 100 | 1 |
_aCraik, Alex D. D. _917444 |
|
| 245 | 1 | 0 |
_aWave interactions and fluid flows / _cAlex D.D. Craik. |
| 260 |
_aCambridge [Cambridgeshire] ; _aNew York : _bCambridge University Press, _c1985. |
||
| 300 |
_axii, 322 p. : _bill. ; _c24 cm. |
||
| 440 | 0 |
_aCambridge monographs on mechanics and applied mathematics _917445 |
|
| 500 | _aIncludes index. | ||
| 504 | _aBibliography: p. 289-318. | ||
| 650 | 0 |
_aFluid dynamics. _94940 |
|
| 650 | 0 |
_aWave-motion, Theory of. _917446 |
|
| 856 | 4 | 2 |
_3Publisher description _uhttp://www.loc.gov/catdir/description/cam023/85007803.html |
| 856 | 4 | 1 |
_3Table of contents _uhttp://www.loc.gov/catdir/toc/cam027/85007803.html |
| 906 |
_a7 _bcbc _corignew _d1 _eocip _f19 _gy-gencatlg |
||
| 942 |
_2ddc _cO_SHELF |
||
| 999 |
_c8608 _d8608 |
||